Vélez Sársfield : Vida y obra codificadora /

Guardado en:
Autor Principal: Sánchez Torres y Córdoba, Izquierdo
Formato: Libro
Idioma:Spanish
Publicado: Córdoba : Academia Nacional de Derecho y Ciencias Sociales de Córdoba, 2000
Edición:1a ed.
Etiquetas: Agregar Etiqueta
Sin Etiquetas, Sea el primero en etiquetar este registro!
LEADER 00459nam a22001335a 4500
001 DER.der012698
005 20140909000000.0
008 180615s2000####||||||||||||||||||||spa||
100 1 |a Sánchez Torres y Córdoba, Izquierdo 
245 1 0 |a Vélez Sársfield :  |b Vida y obra codificadora /  |c Olsen A. Ghirardi 
250 |a 1a ed. 
260 |a Córdoba :  |b Academia Nacional de Derecho y Ciencias Sociales de Córdoba,  |c 2000 
300 0 |a 193 p. 
859 |a DERECHO  |b BIB. DERECHO  |p 007549